[Event "Werner-Ott-Open Kreuzberger Sommer 2014"]
[Site "Berlin"]
[Date "2014.07.09"]
[Round "5.25"]
[White "Rüther, Marc"]
[Black "Francke, Jörg"]
[Result "1/2-1/2"]
[WhiteElo "1814"]
[BlackElo "2021"]
[PlyCount "147"]
[EventDate "2014.??.??"]
[WhiteTeam "Queer-Springer SSV Berlin"]
[BlackTeam "SC Weisse Dame e.V."]

1. e4 e5 2. Nf3 Nf6 3. d4 Nxe4 4. Bd3 d5 5. Nxe5 Nd7 6. Nxd7 Bxd7 7. O-O Bd6 8.
c4 Nf6 9. Re1+ Kf8 10. Nc3 c6 11. cxd5 cxd5 12. h3 Bc6 13. Qf3 h6 14. Bf4 Bb4
15. Rec1 Rg8 16. Be5 Nd7 17. Bg3 Qf6 18. Qxf6 Nxf6 19. f3 g6 20. Bf4 Nd7 21.
Bxh6+ Ke7 22. a3 Bd6 23. Re1+ Kf6 24. f4 Rh8 25. g4 Rxh6 26. g5+ Kg7 27. gxh6+
Kxh6 28. f5 gxf5 29. Bxf5 Nf6 30. Re2 Nh5 31. Rf2 Rg8+ 32. Rg2 Re8 33. Kf2 Nf4
34. Rgg1 Ne6 35. Rae1 Nxd4 36. Rxe8 Bxe8 37. Bc8 Bc6 38. Rd1 Bc5 39. b4 Bb6 40.
Kf1 Nc2 41. Ke2 Nd4+ 42. Kd2 a6 43. Rf1 Kg7 44. Bf5 Nxf5 45. Rxf5 d4 46. Nd5
Bd8 47. Nf4 Be4 48. Re5 Bc6 49. Nd3 Kg6 50. Re1 Bg5+ 51. Ke2 Bb5 52. Rg1 Kf5
53. Rg4 Be3 54. Rh4 Bc4 55. Rh5+ Ke6 56. Rc5 b5 57. Re5+ {(=)} Kf6 58. Rc5 Ke6
59. Re5+ Kd6 60. Rf5 Be6 61. Rh5 f5 62. Rh4 Bc4 63. Rh8 Ke7 64. Rh7+ Kf6 65.
Ra7 f4 66. Rxa6+ Kf5 67. Ra8 f3+ 68. Kxf3 Bxd3 69. Rf8+ Ke5 70. Re8+ Kd5 71.
Rxe3 dxe3 72. Kxe3 Kc4 73. Kd2 Bf5 74. a4 1/2-1/2

[Event "Werner-Ott-Open Kreuzberger Sommer 2014"]
[Site "Berlin"]
[Date "2014.07.09"]
[Round "5.26"]
[White "Schmidt, Jürgen"]
[Black "Kujawa, Werner"]
[Result "1/2-1/2"]
[WhiteElo "1996"]
[BlackElo "1820"]
[PlyCount "74"]
[EventDate "2014.??.??"]
[WhiteTeam "SC Kreuzberg e.V."]
[BlackTeam "SV Motor Wildau e.V."]

1. e4 e6 2. d4 d5 3. Nc3 Nf6 4. exd5 exd5 5. Nf3 c6 6. Bd3 Bd6 7. O-O O-O 8. h3
Qc7 9. Re1 Nbd7 10. a4 Bf4 11. Ne2 Bxc1 12. Qxc1 Re8 13. Ng3 Rxe1+ 14. Nxe1 Nf8
15. Nf3 a5 16. Ne5 Ng6 17. Nxg6 hxg6 18. Qd2 Be6 19. c3 Re8 20. Re1 Qd8 21. b4
b6 22. bxa5 bxa5 23. Rb1 Qc7 24. Ne2 Rb8 25. Rb2 Rb6 26. Rxb6 Qxb6 27. Qa2 Qb8
28. Qc2 g5 29. Bf5 Bxf5 30. Qxf5 Ne4 31. Ng3 Nxg3 32. fxg3 Qxg3 33. Qc8+ Kh7
34. Qxc6 Qe1+ 35. Kh2 g4 36. hxg4 Qh4+ 37. Kg1 Qe1+ 1/2-1/2